Psychological disorders in obstetrics and gynaecology for the MRCOG and beyond (Record no. 222588)
[ view plain ]
| 000 -LEADER | |
|---|---|
| fixed length control field | 01434nam a2200361 a 4500 |
| 100 1# - MAIN ENTRY--AUTHOR NAME | |
| Personal name | Ismail, Khaled M. K. |
| 245 10 - TITLE STATEMENT | |
| Title | Psychological disorders in obstetrics and gynaecology for the MRCOG and beyond |
| 260 ## - PUBLICATION, DISTRIBUTION, ETC. (IMPRINT) | |
| Place of publication | London : |
| Name of publisher | RCOG Press, |
| Year of publication | 2006. |
| 300 ## - PHYSICAL DESCRIPTION | |
| Number of Pages | x, 102 p. : |
| Other physical details | col. ill. |
| 490 1# - SERIES STATEMENT | |
| Series statement | MRCOG and beyond series |
| 650 #0 - SUBJECT ADDED ENTRY--TOPICAL TERM | |
| Topical Term | Gynecology |
| Topical Term | Obstetrics |
| Topical Term | Women |
| 700 1# - ADDED ENTRY--PERSONAL NAME | |
| Personal name | Crome, Ilana. |
| Personal name | O'Brien, P. M. Shaughn. |
| 856 40 - ELECTRONIC LOCATION AND ACCESS | |
| Uniform Resource Identifier | http://site.ebrary.com/lib/rucke/Doc?id=10511557 |
No items available.
